000 00787nam a2200253Ia 4500
003 OSt
005 20221005084842.0
006 a|||||r|||| 00| 0
007 ta
008 221004b |||||||| |||| 00| 0 eng d
020 _a9780521517911 (hbk)
_c4183.69
024 _a96137
037 _bDU0055, 28/01/2009, Independent Publishers Group
_cTextual
040 _aCRL
_cCRL
_beng
041 _2eng
_aeng
082 _aS:4, P9
100 _aSchulkin Jay
_915172
245 0 _aCognitive adptation
_b A pragmatist perspective
260 _aNew York
_bCambridge University Press U.S.A
_c2009
300 _ax, 198p.
_ccm.
650 _aPSYCHOLOGY
942 _hS:4, P9
_cTEXL
_2cc
999 _c993226
_d993226